000 00734nam a2200253Ia 4500
003 OSt
005 20220925223335.0
006 a|||||r|||| 00| 0
007 ta
008 220923b |||||||| |||| 00| 0 eng d
037 _cGeneral Book
040 _aRTL
_cRTL
_beng
041 _2eng
_aeng
082 _aY:(G:55), N9
100 _aBarry John
_9141116
245 0 _aEnvironment and social theroy
260 _aLondon
_bRoutledge
_c1999
300 _axiii,239p
_ccm.
490 _aRoutledge Introductions to Environment Scrics. Environment and Society
500 _aBibiliography P 226-235
650 _aSociomery
_9230825
942 _hY:(G:55), N9
_cGB
_2CC
999 _c579307
_d579307